header

Turkey and the dilemma of EU accession (Record no. 238360)

MARC details
000 -LEADER
fixed length control field 02162nam a2200469 a 4500
082 04 - DEWEY DECIMAL CLASSIFICATION NUMBER
Classification number 341.242209561
100 1# - MAIN ENTRY--AUTHOR NAME
Personal name Bogdani, Mirela.
245 10 - TITLE STATEMENT
Title Turkey and the dilemma of EU accession
260 ## - PUBLICATION, DISTRIBUTION, ETC. (IMPRINT)
Place of publication London :
Name of publisher I.B. Tauris,
Year of publication 2011.
300 ## - PHYSICAL DESCRIPTION
Number of Pages xii, 228 p.
490 1# - SERIES STATEMENT
Series statement Library of European studies ;
505 0# - FORMATTED CONTENTS NOTE
Formatted contents note The revival of religion in world and European politics -- Turkey and the European Union -- The compatibility of Islam with democracy -- What place do religion and culture have in the debate on Turkish candidacy? -- Reasons for the increase of European opposition since 2001.
650 #0 - SUBJECT ADDED ENTRY--TOPICAL TERM
Topical Term Islam and politics
856 40 - ELECTRONIC LOCATION AND ACCESS
Uniform Resource Identifier http://site.ebrary.com/lib/rucke/Doc?id=10522056

No items available.

© 2026 Rongo University
Contact us: librarian | system librarian | Rongo university